000 00346 a2200157 4500
001 58709
020 _a852623644X
040 _cAnchieta - Pituba
100 _aCabrini, Conceição
240 1 0 _aHistória temática
_lpor
245 1 0 _aHistória temática
300 _a189/96
362 0 _a2000
650 4 _aHistória do mundo
942 _cBK
999 _c58709
_d58709